[Event "CRO-chT3A Center"]
[Site "Zagreb"]
[Date "2010.10.17"]
[Round "7.16"]
[White "Prihoda, Leonardo"]
[Black "Loborec, Stjepan"]
[Result "1/2-1/2"]
[WhiteElo "1816"]
[BlackElo "1889"]
[PlyCount "95"]
[EventDate "2010.03.21"]
[EventType "team-tourn"]
[EventRounds "11"]
[EventCountry "CRO"]
[SourceTitle "EXT 2012"]
[Source "ChessBase"]
[SourceDate "2011.11.24"]
[SourceVersion "1"]
[SourceVersionDate "2011.11.24"]
[SourceQuality "1"]

1. d4 Nf6 2. c4 e6 3. Nc3 b6 4. Nf3 Bb7 5. Bg5 Be7 6. e3 d6 7. Bd3 Nbd7 8. e4 0-0 9. 0-0 e5 10. d5 Kh8 11. b4 Ng8 12. Qd2 h6 13. Be3 Ngf6 14. h3 Nh7 15. Ne2 Ng5 16. Nxg5 hxg5 17. g3 Bf6 18. Kg2 Qe7 19. Ng1 a5 20. a3 Kh7 21. Nf3 Kg6 22. Nh2 Rh8 23. Be2 Kh7 24. Nf3 Kg6 25. Nh2 Bc8 26. Bg4 Nf8 27. Bxc8 Rxc8 28. bxa5 bxa5 29. Qxa5 Qd7 30. g4 Bd8 31. Qa7 f6 32. Rfb1 Kf7 33. c5 dxc5 34. Qxc5 Ng6 35. a4 Nh4+ 36. Kg3 Be7 37. Qc4 Bd6 38. Rh1 Rb8 39. Nf3 Rb4 40. Qc2 Nxf3 41. Kxf3 Ra8 42. a5 Qb5 43. Kg2 Rxa5 44. Rxa5 Qxa5 45. Bd2 Qa4 46. Qxa4 Rxa4 47. Kf3 Ra3+ 48. Be3 1/2-1/2

[Event "CRO-ch U17"]
[Site "Bjelolasica"]
[Date "2010.07.27"]
[Round "4"]
[White "Havas, Juraj"]
[Black "Prihoda, Leonardo"]
[Result "1/2-1/2"]
[WhiteElo "1950"]
[BlackElo "1815"]
[PlyCount "40"]
[EventDate "2010.07.25"]
[EventType "swiss"]
[EventRounds "9"]
[EventCountry "CRO"]
[SourceTitle "CBM 137 Extra"]
[Source "ChessBase"]
[SourceDate "2010.09.01"]
[SourceVersion "1"]
[SourceVersionDate "2010.09.01"]
[SourceQuality "1"]

1. d4 d5 2. c4 e6 3. Nf3 Nf6 4. g3 Be7 5. Bg2 Nbd7 6. Qc2 b6 7. 0-0 Bb7 8. b3 0-0 9. Nbd2 Rc8 10. cxd5 exd5 11. Bb2 Re8 12. Rac1 Bd6 13. Rfe1 c5 14. Qb1 Qe7 15. Bh3 Rc7 16. Qa1 Bc6 17. Nh4 g6 18. Nhf3 Ne4 19. e3 f5 20. Nf1 Ndf6 1/2-1/2

[Event "CRO-Cup 19th"]
[Site "Sibenik"]
[Date "2010.05.23"]
[Round "6"]
[White "Prihoda, Leonardo"]
[Black "Armanda, Ivica"]
[Result "0-1"]
[WhiteElo "1791"]
[BlackElo "2356"]
[PlyCount "70"]
[EventDate "2010.05.19"]
[EventType "team-tourn"]
[EventRounds "6"]
[EventCountry "CRO"]
[SourceTitle "CBM 136 Extra"]
[Source "ChessBase"]
[SourceDate "2010.07.02"]
[SourceVersion "2"]
[SourceVersionDate "2010.07.15"]
[SourceQuality "1"]

1. d4 Nf6 2. c4 g6 3. Nc3 Bg7 4. e4 d6 5. Be2 0-0 6. Nf3 e5 7. 0-0 Nc6 8. d5 Ne7 9. Ne1 Nd7 10. g4 Kh8 11. Be3 f5 12. f3 Ng8 13. Ng2 a5 14. exf5 gxf5 15. gxf5 Ndf6 16. Bd3 c6 17. dxc6 bxc6 18. Be4 Ne7 19. Na4 Rb8 20. Qc2 Qe8 21. Bd3 Qh5 22. Bb6 Nxf5 23. Bxa5 Nd4 24. Qf2 Ra8 25. b4 Bh3 26. Nc3 Rg8 27. Ne4 Nxe4 28. fxe4 Raf8 29. Qb2 Bh6 30. Rxf8 Bxf8 31. Bf1 Nf3+ 32. Kf2 Bxg2 33. Bxg2 Rxg2+ 34. Kxg2 Qxh2+ 35. Kxf3 Qxb2 0-1

[Event "CRO-Cup 19th"]
[Site "Sibenik"]
[Date "2010.05.20"]
[Round "3"]
[White "Kukuljan, Vlatko"]
[Black "Prihoda, Leonardo"]
[Result "1/2-1/2"]
[WhiteElo "1943"]
[BlackElo "1791"]
[PlyCount "96"]
[EventDate "2010.05.19"]
[EventType "team-tourn"]
[EventRounds "6"]
[EventCountry "CRO"]
[SourceTitle "CBM 136 Extra"]
[Source "ChessBase"]
[SourceDate "2010.07.02"]
[SourceVersion "2"]
[SourceVersionDate "2010.07.15"]
[SourceQuality "1"]

1. d4 d5 2. Nf3 Nf6 3. Bf4 e6 4. e3 Bd6 5. Bg3 0-0 6. Bd3 c5 7. c3 Nc6 8. Nbd2 Re8 9. 0-0 e5 10. dxe5 Nxe5 11. Nxe5 Bxe5 12. Nf3 Bxg3 13. hxg3 Bg4 14. Qa4 Qc8 15. Nh2 Bf5 16. Rad1 Bxd3 17. Rxd3 Qf5 18. Rdd1 a6 19. Qf4 Qd7 20. Qf3 Rad8 21. Rd2 Ne4 22. Rdd1 Qb5 23. Qh5 Nf6 24. Qf5 Qxb2 25. Rb1 Qxc3 26. Rxb7 Qe5 27. Qc2 c4 28. Qa4 Ne4 29. Qa5 c3 30. Nf3 Qf6 31. Nd4 Rd6 32. Qc7 Rf8 33. a4 Qd8 34. Rc1 Qxc7 35. Rxc7 g6 36. Ne2 Rb8 37. Nxc3 Rb4 38. Nxe4 dxe4 39. R7c4 Rxc4 40. Rxc4 Re6 41. Kf1 Kf8 42. Rc7 Re7 43. Rc6 Re6 44. Rxe6 fxe6 45. Ke2 Ke7 46. Kd2 Kd6 47. Kc2 Kc6 48. Kb3 Kc5 1/2-1/2

[Event "CRO-chT3A Center"]
[Site "Zagreb"]
[Date "2010.04.11"]
[Round "3.16"]
[White "Prihoda, Leonardo"]
[Black "Sudar, Boris"]
[Result "0-1"]
[WhiteElo "1825"]
[BlackElo "2164"]
[PlyCount "88"]
[EventDate "2010.03.21"]
[EventType "team-tourn"]
[EventRounds "11"]
[EventCountry "CRO"]
[SourceTitle "EXT 2012"]
[Source "ChessBase"]
[SourceDate "2011.11.24"]
[SourceVersion "1"]
[SourceVersionDate "2011.11.24"]
[SourceQuality "1"]

1. d4 Nf6 2. c4 c5 3. d5 b5 4. cxb5 a6 5. bxa6 Bxa6 6. Nc3 g6 7. g3 Bg7 8. Bg2 d6 9. Nf3 0-0 10. 0-0 Nbd7 11. Re1 Qb6 12. Qc2 Ng4 13. h3 Nge5 14. Nxe5 Nxe5 15. Rb1 Qb4 16. Bd2 Nc4 17. a3 Qa5 18. Ne4 Nxd2 19. Nxd2 Rfb8 20. a4 Qb4 21. e4 Qd4 22. Nf3 Qd3 23. Qxd3 Bxd3 24. Rbd1 Bc2 25. Rd2 Bxa4 26. e5 Bh6 27. Rde2 Bb5 28. Rc2 Bd3 29. Rc3 c4 30. exd6 exd6 31. Bf1 Bg7 32. Ra3 Bxf1 33. Kxf1 Bxb2 34. Rxa8 Rxa8 35. Rb1 c3 36. Ne1 Ra5 37. Nd3 Rxd5 38. Nxb2 Rb5 39. Ke1 cxb2 40. Kd2 Kg7 41. Kc2 Kf6 42. Rxb2 Rxb2+ 43. Kxb2 Ke5 44. Kc3 Ke4 0-1